Library Logo

Pioneer International University Library Catalogue

Spy Wednesday : (Record no. 2690)

MARC details
000 -LEADER
fixed length control field 00487cam a2200181 a 4500
005 - DATE AND TIME OF LATEST TRANSACTION
control field 20250901165346.0
008 - FIXED-LENGTH DATA ELEMENTS--GENERAL INFORMATION
fixed length control field 850716s1986 nyu 000 1 eng
010 ## - LIBRARY OF CONGRESS CONTROL NUMBER
LC control number 85015390
020 ## - INTERNATIONAL STANDARD BOOK NUMBER
International Standard Book Number 0393022501
050 00 - LIBRARY OF CONGRESS CALL NUMBER
Classification number PS3558.O545 .H66 1986
Item number S68 1986
082 00 - DEWEY DECIMAL CLASSIFICATION NUMBER
Classification number 813/.54
Edition information 19
100 1# - MAIN ENTRY--PERSONAL NAME
Personal name Hood, William,
Dates associated with a name 1920-
245 10 - TITLE STATEMENT
Title Spy Wednesday :
Remainder of title a novel /
Statement of responsibility, etc. by William Hood.
250 ## - EDITION STATEMENT
Edition statement 1st ed.
260 ## - PUBLICATION, DISTRIBUTION, ETC.
Place of publication, distribution, etc. New York :
Name of publisher, distributor, etc. Norton,
Date of publication, distribution, etc. c1986.
300 ## - PHYSICAL DESCRIPTION
Extent 282 p. ;
Dimensions 22 cm.
942 ## - ADDED ENTRY ELEMENTS (KOHA)
Source of classification or shelving scheme Dewey Decimal Classification
Holdings
Withdrawn status Lost status Source of classification or shelving scheme Damaged status Not for loan Home library Current library Shelving location Date acquired Total checkouts Full call number Barcode Date last seen Date last checked out Price effective from Koha item type
    Library of Congress Classification     Main Library Main Library   03/16/2021 1 PS3558.O545 .H66 198 PIU0002133 07/05/2021 06/30/2021 03/16/2021 Books